<?xml version="1.0" encoding="UTF-8"?><?xml-stylesheet type="text/xsl" href="static/style.xsl"?><OAI-PMH xmlns="http://www.openarchives.org/OAI/2.0/" xmlns:xsi="http://www.w3.org/2001/XMLSchema-instance" xsi:schemaLocation="http://www.openarchives.org/OAI/2.0/ http://www.openarchives.org/OAI/2.0/OAI-PMH.xsd"><responseDate>2026-04-13T01:08:04Z</responseDate><request verb="GetRecord" identifier="oai:www.recercat.cat:2072/473258" metadataPrefix="marc">https://recercat.cat/oai/request</request><GetRecord><record><header><identifier>oai:recercat.cat:2072/473258</identifier><datestamp>2025-07-29T22:33:11Z</datestamp><setSpec>com_2072_98</setSpec><setSpec>col_2072_378192</setSpec></header><metadata><record xmlns="http://www.loc.gov/MARC21/slim" xmlns:dcterms="http://purl.org/dc/terms/" xmlns:xsi="http://www.w3.org/2001/XMLSchema-instance" xmlns:doc="http://www.lyncode.com/xoai" xsi:schemaLocation="http://www.loc.gov/MARC21/slim http://www.loc.gov/standards/marcxml/schema/MARC21slim.xsd">
   <leader>00925njm 22002777a 4500</leader>
   <datafield ind2=" " ind1=" " tag="042">
      <subfield code="a">dc</subfield>
   </datafield>
   <datafield ind2=" " ind1=" " tag="720">
      <subfield code="a">San José Lera, Javier</subfield>
      <subfield code="e">author</subfield>
   </datafield>
   <datafield ind2=" " ind1=" " tag="260">
      <subfield code="c">2024</subfield>
   </datafield>
   <datafield ind2=" " ind1=" " tag="520">
      <subfield code="a">Esta publicación se ha beneficiado de la ayuda de I+D+i «MANOS. Ampliación y exploración de la base de datos de manuscritos teatrales áureos (ASODAT Tercera Fase)» (ayuda PID2022-136431NB-C61 financiada por MCIN/AEI/10.13039/501100011033 y por FEDER «Una manera de hacer Europa»</subfield>
   </datafield>
   <datafield ind2=" " ind1=" " tag="520">
      <subfield code="a">Los papeles de actor han mostrado su interés para enseñarnos la complejidad de la construcción de la historia del teatro áureo y la necesidad de abordar para ella las relaciones entre espectáculo y texto. Este trabajo rescata un papel de actor inédito de la comedia de Luis Vélez de Guevara La mayor desgracia de Carlos Quinto, representada en palacio y en el corral en 1623 y posteriormente algunas otras veces hasta ser recogida en la Parte XXIV de Lope de Vega (Zaragoza, 1633). Se estudia el papel, su configuración y su contexto en la acción dramática de la comedia, las relaciones textuales con los testimonios conocidos de la misma y la implicación en la construcción del espectáculo de unos de sus elementos claves, el actor.</subfield>
   </datafield>
   <datafield ind2=" " ind1=" " tag="520">
      <subfield code="a">Acting role manuscripts have shown their interest to teach us the complex plot of the History of Golden Age Theater; they have also shown the need to approach that history from the relationships between performance and text. This paper recovers an unknown papel de actor from Luis Vélez de Guevara's comedia La mayor desgracia de Carlos Quinto, performed in Royal Palace and in the corral in 1623 and several times after; it was finally published in Lope de Vega's Parte XXIV (Zaragoza 1633). It studies the role, its configuration in the dramatic action of the comedy, its textual relations with the known testimonies and the actor's involvement in the construction of the performance and its contexts.</subfield>
   </datafield>
   <datafield tag="653" ind2=" " ind1=" ">
      <subfield code="a">Papel de actor</subfield>
   </datafield>
   <datafield tag="653" ind2=" " ind1=" ">
      <subfield code="a">Comedia</subfield>
   </datafield>
   <datafield tag="653" ind2=" " ind1=" ">
      <subfield code="a">Vélez de Guevara</subfield>
   </datafield>
   <datafield tag="653" ind2=" " ind1=" ">
      <subfield code="a">Texto y espectáculo</subfield>
   </datafield>
   <datafield tag="653" ind2=" " ind1=" ">
      <subfield code="a">Role of actor</subfield>
   </datafield>
   <datafield tag="653" ind2=" " ind1=" ">
      <subfield code="a">Text and performance</subfield>
   </datafield>
   <datafield ind2="0" ind1="0" tag="245">
      <subfield code="a">Del espectáculo al texto : un papel de actor desconocido «La mayor desgracia de Carlos Quinto», de Luis Vélez de Guevara y la «Parte XXIV» de Lope de Vega</subfield>
   </datafield>
</record></metadata></record></GetRecord></OAI-PMH>